000
00330nam a22001457a 4500
999
_c
12242
_d
12242
020
_a
978-0321278982
082
_a
338.2
100
_a
Roger LeRoy Miller
245
_a
Economics Today: The Micro View
250
_a
13th Edition
260
_a
India
_b
Addison Wesley
_c
2006
300
_a
584
650
_a
Economics
942
_c
BK